Lower Limb Blood Supply - Statistics

General Stats
  • This quiz has been taken 48 times
  • The average score is 29 of 51
Answer Stats
Compartment Muscle Artery Nerve % Correct
Anterior Thigh sartorius femoral femoral
100%
Anterior Thigh rectus femoris femoral femoral
100%
Anterior Thigh vastus lateralis femoral femoral
100%
Anterior Thigh vastus medialis femoral femoral
100%
Anterior Thigh vastus intermedius femoral femoral
100%
Anterior Thigh iliacus femoral femoral
89%
Anterior Thigh psoas major femoral ventral rami
83%
Medial Thigh obturator externus femoral obturator
83%
Medial Thigh adductor magnus femoral obturator
83%
Medial Thigh adductor brevis femoral obturator
83%
Medial Thigh adductor longus femoral obturator
83%
Medial Thigh pectineus femoral obturator
83%
Medial Thigh gracilis femoral obturator
83%
Posterior Thigh semimembranosus deep femoral tibial scitatic
78%
Posterior Thigh semitendonosus deep femoral tibial scitatic
78%
Posterior Thigh biceps femoris long deep femoral tibial sciatic
78%
Posterior Thigh biceps femoris short deep femoral common fibular sciatic
78%
Anterior Leg tibialis anterior anterior tibial deep fibular
67%
Anterior Leg extensor hallucis longus anterior tibial deep fibular
67%
Anterior Leg extensor digitorum longus anterior tibial deep fibular
67%
Anterior Leg fibularis tertius anterior tibial deep fibular
67%
Posterior Leg gastrocnemius posterior tibial tibial
67%
Posterior Leg soleus posterior tibial tibial
67%
Posterior Leg plantaris posterior tibial tibial
67%
Posterior Leg flexor digitorum longus posterior tibial tibial
67%
Posterior Leg flexor hallucis longus posterior tibial tibial
67%
Posterior Leg tibialis posterior posterior tibial tibial
67%
Posterior Leg popliteus posterior tibial tibial
67%
Lateral Leg fibularis longus fibular superficial fibular
61%
Lateral Leg fibularis brevis fibular superficial fibular
61%
Dorsum Foot extensor digitorum brevis dorsalis pedis deep fibular
56%
Dorsum Foot extensor hallucis brevis dorsalis pedis deep fibular
56%
Gluteal tensor fascia lata superior and inferior gluteal superior gluteal
33%
Gluteal gluteas maximus superior and inferior gluteal inferior gluteal
33%
Gluteal gluteas medius superior and inferior gluteal superior gluteal
33%
Gluteal gluteas minimus superior and inferior gluteal superior gluteal
33%
Gluteal piriformis superior and inferior gluteal nerve to piriformis
33%
Gluteal superior gemellus superior and inferior gluteal nerve to obturator internus
33%
Gluteal obturator internus superior and inferior gluteal nerve to obturator internus
33%
Gluteal inferior gemellus superior and inferior gluteal nerve to quadratus femoris
33%
Gluteal quadratus femoris superior and inferior gluteal nerve to quadratus femoris
33%
1st Layer Foot abductor digiti minimi lateral and medial plantar lateral plantar
22%
1st Layer Foot flexor digitorum brevis lateral and medial plantar medial plantar
22%
1st Layer Foot abductor hallucis lateral and medial plantar medial plantar
22%
2nd Layer Foot lumbricals lateral and medial plantar medial plantar 1, lateral plantar 2-4
22%
2nd Layer Foot quadratus plantae lateral and medial plantar lateral plantar
22%
3rd Layer Foot flexor digiti minimi deep plantar arch lateral plantar
17%
3rd Layer Foot adductor hallucis deep plantar arch lateral plantar
17%
3rd Layer Food flexor hallucis brevis deep plantar arch medial plantar
17%
4th Layer Foot dorsal interossei deep plantar arch lateral plantar
17%
4th Layer Foot plantar interossei deep plantar arch lateral plantar
17%
No matching quizzes found
Score Distribution
Percent of People with Each Score
Percentile by Number Answered
Your Score History
You have not taken this quiz